Meilleurs pointeurs de l'histoire des Ducks d'Anaheim - Statistiques

Statistiques générales
  • Ce quiz a été pris 11 fois
  • Le résultat moyen est 8 sur 50
Statistiques - réponses
Rang Joueur PTS % Correct
2 Ryan Getzlaf 948
100%
1 Teemu Selanne 988
100%
3 Corey Perry 776
88%
28 Rob Niedermayer 124
50%
9 Scott Niedermayer 264
50%
6 Cam Fowler 292
38%
14 François Beauchemin 196
38%
4 Paul Kariya 669
38%
18 Ryan Kesler 180
38%
12 Andrew Cogliano 233
25%
7 Bobby Ryan 289
25%
17 Hampus Lindholm 188
25%
10 Jakob Silverberg 261
25%
37 Josh Manson 91
25%
8 Rickard Rakell 266
25%
16 Saku Koivu 191
25%
27 Sami Vatanen 126
25%
39 Bobby Dollas 89
13%
50 Brandon Montour 63
13%
15 Chris Kunitz 192
13%
20 Chris Pronger 150
13%
43 Dustin Penner 84
13%
32 Lubomir Visnovsky 108
13%
19 Oleg Tverdovsky 170
13%
5 Steve Rucchin 432
13%
35 Adam Henrique 99
0%
11 Andy McDonald 259
0%
44 Bob Corkum 82
0%
46 Dmitri Mironov 82
0%
26 Fredrik Olausson 127
0%
36 Garry Valk 92
0%
25 Joe Sacco 130
0%
29 Joffrey Lupul 114
0%
38 Kyle Palmieri 89
0%
21 Marty McInnis 145
0%
30 Matt Beleskey 112
0%
13 Matt Cullen 200
0%
23 Mike Leclerc 132
0%
45 Nick Bonino 82
0%
34 Nick Ritchie 100
0%
42 Niclas Havelid 85
0%
40 Ondrej Kase 87
0%
47 Patrick Maroon 79
0%
48 Peter Douris 70
0%
24 Petr Sykora 131
0%
33 Ruslan Salei 105
0%
22 Samuel Pahlsson 141
0%
49 Sergei Fedorov 66
0%
41 Shaun Van Allen 87
0%
31 Todd Marchant 112
0%
Aucun quiz correspondant
Distribution des résultats
% des personnes avec chaque résultat
Percentile par nombre de réponses
Votre historique - résultats
Vous n’avez pas pris ce quiz